| 000 | 00380nam a2200133Ia 4500 | ||
|---|---|---|---|
| 100 | _aMinistry of Welfare GoI | ||
| 650 | _aGeneral | ||
| 942 | _cBK | ||
| 654 | _aAlcoholism and drug | ||
| 245 | _aAlcoholism and Drug Dependency : Professional Master guide | ||
| 260 |
_bT.T. Ranganathsn Chemical Research Foundation _aMadras _c1989 |
||
| 546 | _aENGLISH | ||
| 999 |
_c25496 _d25496 |
||